|
|
|
|
| LEADER |
00000naa a2200000uu 4500 |
| 001 |
vtls011034048 |
| 003 |
SK-MaSNL |
| 005 |
20260302124809.0 |
| 008 |
210907|2002 xo |||||||||||||||||eng| |
| 015 |
|
|
|a SNBRA
|
| 035 |
|
|
|a (urnnbn)urn:nbn:sk:snk:ar-008sje
|
| 035 |
|
|
|a (uuid)e65d62a9-520d-4e1d-bce1-4641b2579ef1
|
| 035 |
|
|
|a urn:nbn:sk:snk-aauodi
|
| 040 |
|
|
|a SNKBUCL
|b slo
|c SNKBUCL
|e AACR2
|
| 041 |
0 |
|
|a eng
|
| 044 |
|
|
|a xo
|c SK
|
| 100 |
1 |
|
|a Kopecký, M.
|4 aut
|9 450784
|
| 245 |
1 |
0 |
|a Vibration control of gear transmissions
|c M. Kopecký, J. Vavro, V. Cúth
|
| 700 |
1 |
|
|a Vavro, Ján,
|d 1952-
|4 aut
|9 212748
|
| 700 |
1 |
|
|a Cúth, V.
|4 aut
|9 811147
|
| 773 |
0 |
|
|t Dynamics of Gear Drives
|d In Bratislava : Slovak University of Technology, 2002
|g S. 19
|z 8022717088
|
| 958 |
|
|
|a OND
|
| 958 |
|
|
|a article12
|
| 958 |
|
|
|a chapter
|
| 999 |
|
|
|c 1290166
|d 1292096
|